Statistics for Football/Soccer Players by Country

Click here to take the quiz!

General Stats

  • This quiz has been taken 39 times
  • The average score is 16 of 24

Answer Stats

Hint Answer % Correct
Robert LewandowskiPoland
100%
Henrik LarssonSweden
97%
Yaya TouréIvory Coast
87%
Romelu LukakuBelgium
84%
Roy KeaneIreland
84%
Sami KhediraGermany
81%
Andrey ArshavinRussia
81%
Riyad MahrezAlgeria
77%
N'Golo KantéFrance
74%
Harry KewellAustralia
74%
David AlabaAustria
74%
Michael EssienGhana
71%
Gheorghe HagiRomania
68%
Marek HamsikSlovakia
68%
Stephan El ShaarawyItaly
61%
Milan BarosCzech Republic
58%
Hristo StoichkovBulgaria
55%
Roque Santa CruzParaguay
52%
Pedro Miguel PauletaPortugal
48%
Vagner LoveBrazil
48%
Jari LitmanenFinland
48%
Alexander HlebBelarus
48%
Benni McCarthySouth Africa
45%
Ivan ZamoranoChile
35%

Score Distribution

Percentile by Number Answered

Percent of People with Each Score

Your Score History

You have not taken this quiz